[Event "Dimitrovgrad Petrosian Memorial op"]
[Site "Dimitrovgrad"]
[Date "2010.06.17"]
[Round "6"]
[White "Zaletov, Yuri"]
[Black "Prikhodko, Anton"]
[Result "1/2-1/2"]
[WhiteElo "2117"]
[BlackElo "2074"]
[PlyCount "90"]
[EventDate "2010.06.12"]
[EventType "swiss"]
[EventRounds "9"]
[EventCountry "RUS"]
[SourceTitle "CBM 137 Extra"]
[Source "ChessBase"]
[SourceDate "2010.09.01"]
[SourceVersion "1"]
[SourceVersionDate "2010.09.01"]
[SourceQuality "1"]

1. e4 c5 2. c3 Nf6 3. e5 Nd5 4. d4 cxd4 5. Nf3 Nc6 6. Bc4 Nb6 7. Bb3 d5 8. cxd4 Bg4 9. Be3 e6 10. 0-0 Be7 11. Nc3 0-0 12. h3 Bh5 13. Rc1 f5 14. Qd2 Na5 15. Rc2 Nac4 16. Qc1 Qe8 17. Ne1 h6 18. Bxc4 Nxc4 19. f4 Rc8 20. Nb1 g5 21. g3 Nxe3 22. Qxe3 Rxc2 23. Nxc2 gxf4 24. gxf4 Kh7 25. Kh2 Rg8 26. Nc3 Bh4 27. Rg1 Rxg1 28. Qxg1 a6 29. Qg2 Qg6 30. Ne3 Qxg2+ 31. Kxg2 Bd8 32. Na4 b6 33. Nc3 Kg7 34. Nc2 Be8 35. Nb4 a5 36. Nd3 Kf7 37. a4 Be7 38. b3 Bd7 39. Nb5 Bxb5 40. axb5 Kg6 41. Kf3 Kh5 42. Kg3 Bh4+ 43. Kf3 Be7 44. Kg3 Bh4+ 45. Kf3 Be7 1/2-1/2

[Event "Dimitrovgrad op"]
[Site "Dimitrovgrad"]
[Date "2008.08.09"]
[Round "7"]
[White "Zhdanov, Viktor"]
[Black "Zaletov, Yuri"]
[Result "0-1"]
[WhiteElo "2058"]
[BlackElo "2116"]
[PlyCount "92"]
[EventDate "2008.08.05"]
[EventType "swiss"]
[EventRounds "9"]
[EventCountry "RUS"]
[SourceTitle "EXT 2022"]
[Source "ChessBase"]
[SourceDate "2021.10.06"]
[SourceVersion "1"]
[SourceVersionDate "2021.10.06"]
[SourceQuality "1"]

1. e4 c5 2. Nf3 Nc6 3. d4 cxd4 4. Nxd4 e5 5. Nf5 d5 6. Qxd5 Qxd5 7. exd5 Bxf5 8. dxc6 bxc6 9. Bd3 Bxd3 10. cxd3 Nf6 11. Nc3 Bb4 12. 0-0 0-0 13. Be3 Rfd8 14. Rfd1 Ng4 15. Rac1 f5 16. Bg5 Rd7 17. h3 Nf6 18. Na4 Rd6 19. a3 Ba5 20. Rc5 Bc7 21. Rdc1 Rxd3 22. Rxc6 Bd6 23. Bxf6 gxf6 24. Nc5 Rd2 25. b4 e4 26. g4 Kf7 27. Nb3 Rd3 28. gxf5 Bf4 29. Rb1 Rxh3 30. Rd1 Rxb3 31. Rd7+ Kg8 32. Re6 e3 33. Ree7 exf2+ 34. Kxf2 Rh3 35. b5 Be5 36. a4 Rc8 37. Ke2 Bb8 38. a5 Kh8 39. Rf7 Re8+ 40. Kd1 Rh2 41. Rxf6 Rg8 42. Re6 Ra2 43. f6 Rg1+ 44. Re1 Ra1+ 45. Kd2 Bf4+ 46. Kc2 Raxe1 0-1

[Event "Dimitrovgrad op"]
[Site "Dimitrovgrad"]
[Date "2008.08.08"]
[Round "6"]
[White "Zaletov, Yuri"]
[Black "Ulanov, Alexandr"]
[Result "0-1"]
[WhiteElo "2116"]
[BlackElo "2279"]
[PlyCount "194"]
[EventDate "2008.08.05"]
[EventType "swiss"]
[EventRounds "9"]
[EventCountry "RUS"]
[SourceTitle "EXT 2022"]
[Source "ChessBase"]
[SourceDate "2021.10.06"]
[SourceVersion "1"]
[SourceVersionDate "2021.10.06"]
[SourceQuality "1"]

1. e4 d5 2. exd5 Qxd5 3. Nc3 Qd8 4. d4 Nf6 5. Nf3 c6 6. Bg5 Bg4 7. Be2 e6 8. h3 Bh5 9. Qd2 Bb4 10. 0-0 Nbd7 11. a3 Be7 12. Rad1 0-0 13. Rfe1 Qc7 14. Qe3 Rad8 15. Ne5 Bxe2 16. Qxe2 Rfe8 17. h4 Nf8 18. Ng4 Nd5 19. Nxd5 cxd5 20. Bxe7 Qxe7 21. g3 Nd7 22. Rd3 Qd6 23. Qe3 f6 24. Qf3 e5 25. dxe5 Nxe5 26. Nxe5 fxe5 27. Qf5 e4 28. Rde3 Rf8 29. Qg4 Qf6 30. R1e2 Qxb2 31. Qe6+ Kh8 32. Qe7 a6 33. Kg2 b5 34. c4 Qd4 35. cxd5 Rfe8 36. Qb7 Rxd5 37. Qxa6 Rde5 38. Qc6 h6 39. Qb7 R8e7 40. Qc6 Kh7 41. Qa8 R5e6 42. Re1 Qc5 43. R1e2 Qf5 44. Rd2 Re5 45. Qc6 Qh5 46. Rd4 Qf5 47. Rd2 Rc5 48. Qd6 Rec7 49. Qd4 Re5 50. Rde2 Rc4 51. Qd6 Rd5 52. Qe7 Rd3 53. Qe8 Rdd4 54. Qe7 Rd7 55. Qe8 Rf7 56. Rd2 Rd4 57. Rb2 Rb7 58. Qc6 Rb8 59. Qc7 Rc8 60. Qb7 Rc5 61. Rbe2 Rcd5 62. Qe7 Re5 63. Qb7 Rd3 64. Qc6 Re6 65. Qb7 Rd5 66. Rc2 Rf6 67. Qc7 Re5 68. Qd8 Rf7 69. Rd2 h5 70. Qd4 Qe6 71. Qd6 Qf5 72. Qd4 Rfe7 73. Qd6 Qg4 74. Rd5 Qf5 75. Rxe5 Rxe5 76. Qc6 Rd5 77. Qe8 Rd4 78. Qe7 Kh6 79. Qc7 Kh7 80. Qe7 Rc4 81. Qe8 Qd5 82. Qf8 Rc6 83. Qf4 Re6 84. Qf7 Qe5 85. Qf4 Qxf4 86. gxf4 Kg6 87. Rg3+ Kf5 88. Rg5+ Kxf4 89. Rxg7 e3 90. fxe3+ Rxe3 91. Rg5 Re2+ 92. Kf1 Re5 93. Rg8 Ke4 94. Ke2 Kd4+ 95. Kd2 Kc4 96. Rg5 Rxg5 97. hxg5 Kd5 0-1

[Event "Dimitrovgrad op"]
[Site "Dimitrovgrad"]
[Date "2008.08.05"]
[Round "1"]
[White "Zaletov, Yuri"]
[Black "Alieva, Alexandra"]
[Result "1-0"]
[WhiteElo "2116"]
[BlackElo "1934"]
[PlyCount "27"]
[EventDate "2008.08.05"]
[EventType "swiss"]
[EventRounds "9"]
[EventCountry "RUS"]
[SourceTitle "EXT 2022"]
[Source "ChessBase"]
[SourceDate "2021.10.06"]
[SourceVersion "1"]
[SourceVersionDate "2021.10.06"]
[SourceQuality "1"]

1. e4 c5 2. c3 d5 3. exd5 Qxd5 4. d4 cxd4 5. cxd4 Nf6 6. Nc3 Qd8 7. Nf3 e6 8. Bd3 Bb4 9. 0-0 0-0 10. Bg5 Nc6 11. Bc2 Bd7 12. Qd3 g6 13. d5 Nb8 14. Ne4 1-0

[Event "Dimitrovgrad Petrosian Memorial op"]
[Site "Dimitrovgrad"]
[Date "2008.06.02"]
[Round "2"]
[White "Abramov, Pavel"]
[Black "Zaletov, Yuri"]
[Result "0-1"]
[WhiteElo "2052"]
[BlackElo "2141"]
[PlyCount "78"]
[EventDate "2008.06.01"]
[EventType "swiss"]
[EventRounds "9"]
[EventCountry "RUS"]
[SourceTitle "CBM 124 Extra"]
[Source "ChessBase"]
[SourceDate "2008.07.03"]
[SourceVersion "1"]
[SourceVersionDate "2008.07.03"]
[SourceQuality "1"]

1. Nf3 Nf6 2. d4 g6 3. c4 c5 4. d5 b5 5. cxb5 a6 6. b6 Qxb6 7. Nc3 Bg7 8. e4 d6 9. Be2 0-0 10. Nd2 Nbd7 11. Nc4 Qc7 12. 0-0 Nb6 13. Ne3 e6 14. a4 Bb7 15. a5 Nbd7 16. Nc4 Nxe4 17. Nxe4 exd5 18. Nexd6 dxc4 19. Nxb7 Ne5 20. Bf4 Qxb7 21. Bxe5 Bxe5 22. Bf3 Qxb2 23. Rb1 Rad8 24. Bd5 Bxh2+ 25. Kxh2 Qe5+ 26. Kg1 Rxd5 27. Qc2 Qf4 28. Qc3 Rh5 29. Qg3 Qh6 30. f4 Rh1+ 31. Kf2 Rxf1+ 32. Rxf1 Qg7 33. Kg1 Qd4+ 34. Kh2 f5 35. Re1 c3 36. Rc1 Rb8 37. Rxc3 Rb1 38. Re3 Qd1 39. Qg5 Qg1+ 0-1

[Event "Voronezh op-B 11th"]
[Site "Voronezh"]
[Date "2007.06.20"]
[Round "9"]
[White "Zaletov, Yuri"]
[Black "Ponomarev, Dmitry"]
[Result "0-1"]
[WhiteElo "2158"]
[BlackElo "2194"]
[PlyCount "78"]
[EventDate "2007.06.12"]
[EventType "swiss"]
[EventRounds "9"]
[EventCountry "RUS"]
[SourceTitle "EXT 2010"]
[Source "ChessBase"]
[SourceDate "2010.11.25"]
[SourceVersion "1"]
[SourceVersionDate "2010.11.25"]
[SourceQuality "1"]

1. e4 c6 2. d4 d5 3. exd5 cxd5 4. c4 Nf6 5. Nc3 Nc6 6. Bg5 e6 7. Nf3 Be7 8. Bd3 dxc4 9. Bxc4 0-0 10. 0-0 b6 11. a3 Bb7 12. Qd3 Nd5 13. Ne4 Rc8 14. Bxe7 Ncxe7 15. Nfg5 Ng6 16. b3 Ndf4 17. Qe3 h6 18. Nf3 Rc7 19. g3 Nd5 20. Qe2 Qa8 21. Rfe1 Nc3 22. Nxc3 Bxf3 23. Qe3 Rd8 24. Ra2 Ne7 25. Qf4 Rcd7 26. Nb5 Ng6 27. Qe3 a6 28. Nc3 Rxd4 29. a4 Bb7 30. Bf1 Qc8 31. Ne2 Qc6 32. f3 Rd3 33. Qf2 Rxf3 34. Nd4 Rxf2 35. Nxc6 Rxf1+ 36. Kxf1 Bxc6 37. Rc2 Bd5 38. Rec1 Rd6 39. Rc3 a5 0-1

[Event "Voronezh op-A 11th"]
[Site "Voronezh"]
[Date "2007.06.18"]
[Round "6"]
[White "Zaletov, Yuri"]
[Black "Lukovnikov, Alexander"]
[Result "0-1"]
[WhiteElo "2129"]
[BlackElo "2349"]
[PlyCount "98"]
[EventDate "2007.06.12"]
[EventType "swiss"]
[EventRounds "9"]
[EventCountry "RUS"]
[SourceTitle "CBM 118 Extra"]
[Source "ChessBase"]
[SourceDate "2007.07.04"]
[SourceVersion "1"]
[SourceVersionDate "2007.07.04"]
[SourceQuality "1"]

1. e4 g6 2. d4 Bg7 3. Nc3 d6 4. Nf3 Nf6 5. Be2 0-0 6. 0-0 Bg4 7. Be3 Nc6 8. h3 Bxf3 9. Bxf3 Nd7 10. d5 Nce5 11. Be2 Nb6 12. Rb1 e6 13. Kh1 Nec4 14. Bc1 c6 15. dxc6 bxc6 16. Qd3 d5 17. b3 Nd6 18. f3 Qh4 19. Bd2 Be5 20. Be1 Qf4 21. g3 Qh6 22. Kg2 f5 23. exd5 exd5 24. a4 Rfe8 25. a5 Nd7 26. Bd2 Qg7 27. Na4 f4 28. g4 Qe7 29. Bd1 Rad8 30. c3 Nf6 31. Be1 Qc7 32. a6 Nb5 33. Bc2 d4 34. c4 Nc3 35. Ra1 c5 36. Bh4 Rd6 37. Rfe1 Nxa4 38. Rxa4 Rde6 39. Raa1 Qf7 40. Re2 Bb8 41. Rae1 Re3 42. Qd2 Nd7 43. Be4 R8xe4 44. Bf2 Re8 45. Bxe3 fxe3 46. Qd1 Qf4 47. Kg1 Ne5 48. Rf1 Nxf3+ 49. Kh1 Qg3 0-1

[Event "Voronezh op-A 11th"]
[Site "Voronezh"]
[Date "2007.06.15"]
[Round "4"]
[White "Zaletov, Yuri"]
[Black "Stukopin, Andrey"]
[Result "0-1"]
[WhiteElo "2129"]
[BlackElo "2307"]
[PlyCount "66"]
[EventDate "2007.06.12"]
[EventType "swiss"]
[EventRounds "9"]
[EventCountry "RUS"]
[SourceTitle "CBM 118 Extra"]
[Source "ChessBase"]
[SourceDate "2007.07.04"]
[SourceVersion "1"]
[SourceVersionDate "2007.07.04"]
[SourceQuality "1"]

1. e4 c5 2. c3 Nf6 3. e5 Nd5 4. d4 cxd4 5. Nf3 e6 6. cxd4 b6 7. Nc3 Nxc3 8. bxc3 Qc7 9. Bd2 Bb7 10. Bd3 d6 11. 0-0 Nd7 12. Re1 dxe5 13. Nxe5 Nxe5 14. Rxe5 Bd6 15. Rh5 g6 16. Bb5+ Bc6 17. Bxc6+ Qxc6 18. Rh3 0-0 19. Bg5 f6 20. Bd2 Rac8 21. Qg4 Qc4 22. Rh6 Rf7 23. Qh3 Qe2 24. Be3 Qb2 25. Rd1 Qxa2 26. d5 Re8 27. Qg4 Bf8 28. dxe6 Qxe6 29. Qxe6 Rxe6 30. Rh4 Rc6 31. Bd4 Rd7 32. Re4 Rxc3 33. Rde1 Rc4 0-1

[Event "Voronezh op-B 11th"]
[Site "Voronezh"]
[Date "2007.06.13"]
[Round "2"]
[White "Gorshkov, Yuri"]
[Black "Zaletov, Yuri"]
[Result "1-0"]
[WhiteElo "2393"]
[BlackElo "2158"]
[PlyCount "64"]
[EventDate "2007.06.12"]
[EventType "swiss"]
[EventRounds "9"]
[EventCountry "RUS"]
[SourceTitle "EXT 2010"]
[Source "ChessBase"]
[SourceDate "2010.11.25"]
[SourceVersion "1"]
[SourceVersionDate "2010.11.25"]
[SourceQuality "1"]

1. d4 Nf6 2. c4 c5 3. d5 b5 4. cxb5 a6 5. bxa6 Bxa6 6. Nc3 d6 7. Nf3 g6 8. e4 Bxf1 9. Kxf1 Bg7 10. h3 0-0 11. Kg1 Nbd7 12. Kh2 Ra6 13. Re1 Qa8 14. Qc2 Nb6 15. b3 e6 16. dxe6 fxe6 17. Bb2 Nh5 18. a4 Rxf3 19. gxf3 Qf8 20. Ne2 Qxf3 21. Rg1 Bxb2 22. Qxb2 Nd7 23. Ng3 Nf4 24. Qd2 Ne5 25. Rae1 Nh5 26. Re3 Qf4 27. Qe2 Ra8 28. Kh1 Nf6 29. Qf1 c4 30. Ne2 Qh4 31. f4 Nfg4 32. Reg3 Nh6 1-0

[Event "Nezhmetdinov Memorial 29th"]
[Site "Kazan"]
[Date "2007.06.06"]
[Round "6"]
[White "Talipov, Nafis"]
[Black "Zaletov, Yuri"]
[Result "0-1"]
[WhiteElo "2021"]
[BlackElo "2129"]
[PlyCount "60"]
[EventDate "2007.06.01"]
[EventType "swiss"]
[EventRounds "9"]
[EventCountry "RUS"]
[SourceTitle "CBM 119 Extra"]
[Source "ChessBase"]
[SourceDate "2007.09.04"]
[SourceVersion "1"]
[SourceVersionDate "2007.09.04"]
[SourceQuality "1"]

1. e4 c5 2. Nc3 Nc6 3. g3 g6 4. Bg2 Bg7 5. f4 d6 6. d3 e6 7. Nf3 Nge7 8. Be3 Nd4 9. 0-0 0-0 10. Qd2 Nec6 11. Nd1 f5 12. c3 Nxf3+ 13. Bxf3 e5 14. Nf2 Be6 15. b3 Qd7 16. Rad1 Rae8 17. Rfe1 Kh8 18. Qc1 b5 19. Re2 b4 20. cxb4 Nxb4 21. a3 Nc6 22. b4 exf4 23. gxf4 Nd4 24. Bxd4 Bxd4 25. bxc5 dxc5 26. e5 Bd5 27. Bxd5 Qxd5 28. Qd2 Re7 29. h4 Qf3 30. Kh2 Rb8 0-1

[Event "Nezhmetdinov Memorial 29th"]
[Site "Kazan"]
[Date "2007.06.04"]
[Round "4"]
[White "Kutlaev, Maxim"]
[Black "Zaletov, Yuri"]
[Result "1-0"]
[WhiteElo "2242"]
[BlackElo "2129"]
[PlyCount "109"]
[EventDate "2007.06.01"]
[EventType "swiss"]
[EventRounds "9"]
[EventCountry "RUS"]
[SourceTitle "CBM 119 Extra"]
[Source "ChessBase"]
[SourceDate "2007.09.04"]
[SourceVersion "1"]
[SourceVersionDate "2007.09.04"]
[SourceQuality "1"]

1. e4 c5 2. Nf3 Nc6 3. c3 g6 4. d4 cxd4 5. cxd4 d5 6. exd5 Qxd5 7. Nc3 Qd8 8. d5 Nb8 9. Bc4 Nf6 10. 0-0 Bg7 11. Bf4 0-0 12. Nb5 Nh5 13. Bc7 Qd7 14. Be5 Na6 15. Qd4 Qg4 16. Rfe1 Qxd4 17. Bxd4 Bg4 18. Bxg7 Nxg7 19. Rxe7 Bxf3 20. gxf3 Nc5 21. Nd6 b6 22. b4 Na4 23. Bb3 Nb2 24. Rc1 a5 25. bxa5 bxa5 26. Rcc7 a4 27. Nxf7 Rxf7 28. Rxf7 Ne8 29. Bc2 Nxc7 30. Rxc7 Rd8 31. Rb7 a3 32. Bb3 Rd6 33. Ra7 Nd3 34. Rxa3 Nf4 35. Ra5 g5 36. Rc5 Kg7 37. Rc6 Rd8 38. d6 h5 39. Rc7+ Kf6 40. d7 Ke7 41. Kf1 Kd6 42. Ra7 Kc6 43. Ra5 Kxd7 44. Rxg5 Rc8 45. Ke1 Rc1+ 46. Kd2 Rc8 47. Rg7+ Kc6 48. Rf7 Rd8+ 49. Kc3 Nh3 50. Rf6+ Kc7 51. Rf5 h4 52. Kc4 Nxf2 53. a4 Rd3 54. Kb4 Rd2 55. Rf7+ 1-0

[Event "Volga Rating"]
[Site "Dimitrovgrad"]
[Date "2006.12.12"]
[Round "9"]
[White "Zaletov, Yuri"]
[Black "Yakimkin, Igor"]
[Result "1-0"]
[WhiteElo "2187"]
[BlackElo "2086"]
[PlyCount "65"]
[EventDate "2006.12.08"]
[EventType "tourn"]
[EventRounds "11"]
[EventCountry "RUS"]
[SourceTitle "EXT 2019"]
[Source "ChessBase"]
[SourceDate "2018.10.10"]
[SourceVersion "1"]
[SourceVersionDate "2018.10.10"]
[SourceQuality "1"]

1. e4 c5 2. c3 d6 3. d4 Nf6 4. Bd3 Nc6 5. Ne2 e6 6. 0-0 Be7 7. Nd2 0-0 8. Nf3 cxd4 9. cxd4 Bd7 10. Bg5 Rc8 11. Ng3 e5 12. d5 Nb4 13. Be2 h6 14. Bd2 Na6 15. b4 Nc7 16. a4 Nh7 17. Be3 b6 18. Qd3 Re8 19. Nd2 Bf8 20. b5 g6 21. Rad1 h5 22. f4 h4 23. Nh1 exf4 24. Bxf4 f5 25. Nf2 fxe4 26. Ndxe4 Bf5 27. Qf3 Be7 28. Ng4 Rf8 29. Nh6+ Kh8 30. Nxf5 Rxf5 31. Qg4 Kg7 32. Bd3 Rxd5 33. Nxd6 1-0

[Event "Volga Rating"]
[Site "Dimitrovgrad"]
[Date "2006.12.08"]
[Round "1"]
[White "Pavlovski, Yaroslav"]
[Black "Zaletov, Yuri"]
[Result "1/2-1/2"]
[WhiteElo "2271"]
[BlackElo "2187"]
[PlyCount "98"]
[EventDate "2006.12.08"]
[EventType "tourn"]
[EventRounds "11"]
[EventCountry "RUS"]
[SourceTitle "EXT 2019"]
[Source "ChessBase"]
[SourceDate "2018.10.10"]
[SourceVersion "1"]
[SourceVersionDate "2018.10.10"]
[SourceQuality "1"]

1. c4 e5 2. Nc3 Nf6 3. g3 c6 4. d4 exd4 5. Qxd4 d5 6. Bg5 Be7 7. Rd1 Be6 8. cxd5 cxd5 9. Bg2 Nc6 10. Qa4 0-0 11. Nf3 Qb6 12. Qb5 h6 13. Qxb6 axb6 14. Be3 b5 15. a3 b4 16. axb4 Bxb4 17. 0-0 Rfd8 18. Nd4 Bg4 19. Rfe1 Ne5 20. Nc2 Bxc3 21. bxc3 Ra2 22. Rc1 Nc6 23. h3 Bh5 24. Bb6 Re8 25. g4 Bg6 26. Ne3 Be4 27. Bf1 Rb2 28. Bc7 Rc8 29. Bg3 b5 30. f3 Bg6 31. Red1 Rd8 32. Bf2 Na5 33. Ra1 Nb3 34. Ra7 Bc2 35. Nxc2 Rxc2 36. Rb7 Rxc3 37. Rxb5 Ra8 38. h4 Ra2 39. Rb8+ Kh7 40. Be1 Rc1 41. Rxc1 Nxc1 42. Rb7 Nxe2+ 43. Bxe2 Rxe2 44. Kf1 Rc2 45. Rxf7 d4 46. g5 Kg6 47. Re7 hxg5 48. hxg5 Kxg5 49. Rxg7+ Kf5 1/2-1/2

[Event "Voronezh op-A"]
[Site "Voronezh"]
[Date "2006.06.13"]
[Round "2"]
[White "Zaletov, Yuri"]
[Black "Sharafiev, Azat"]
[Result "1-0"]
[WhiteElo "2200"]
[BlackElo "2320"]
[PlyCount "69"]
[EventDate "2006.06.12"]
[EventType "swiss"]
[EventRounds "9"]
[EventCountry "RUS"]
[SourceTitle "CBM 112 Extra"]
[Source "ChessBase"]
[SourceDate "2006.07.14"]
[SourceVersion "1"]
[SourceVersionDate "2006.07.14"]
[SourceQuality "1"]

1. e4 Nc6 2. Nc3 Nf6 3. Nf3 d5 4. e5 Nd7 5. d4 Nb6 6. a3 Bf5 7. Bg5 Qd7 8. Bb5 a6 9. Be2 f6 10. Bf4 g5 11. Bg3 h5 12. h4 g4 13. Nh2 fxe5 14. dxe5 Bg7 15. Bd3 Nxe5 16. Bxf5 Qxf5 17. 0-0 Nec4 18. Rb1 d4 19. Na2 e5 20. Re1 0-0-0 21. Qd3 Qf7 22. Nc1 Rhe8 23. Nb3 Nd6 24. Nc5 Nbc4 25. Nf1 Qd5 26. Qg6 Qxc5 27. Qxg7 e4 28. Rbd1 Nf5 29. Qf7 Nxb2 30. Rb1 Nxg3 31. Nxg3 d3 32. cxd3 Nxd3 33. Nxe4 Qc2 34. Nd6+ cxd6 35. Qxb7# 1-0

[Event "Nezhmetdinov Memorial 28th"]
[Site "Kazan"]
[Date "2006.06.04"]
[Round "4"]
[White "Zaletov, Yuri"]
[Black "Tkachuk, Andrey"]
[Result "1/2-1/2"]
[WhiteElo "2200"]
[BlackElo "2160"]
[PlyCount "49"]
[EventDate "2006.06.01"]
[EventType "swiss"]
[EventRounds "9"]
[EventCountry "RUS"]
[SourceTitle "CBM 112 Extra"]
[Source "ChessBase"]
[SourceDate "2006.07.14"]
[SourceVersion "1"]
[SourceVersionDate "2006.07.14"]
[SourceQuality "1"]

1. e4 c5 2. c3 d5 3. exd5 Qxd5 4. d4 Nc6 5. Nf3 Bg4 6. Be2 cxd4 7. cxd4 e6 8. Nc3 Qd6 9. 0-0 Nf6 10. h3 Bf5 11. a3 a6 12. Qa4 Be7 13. Be3 0-0 14. b4 Nd5 15. Rac1 Nxe3 16. fxe3 Qg3 17. Kh1 Bd6 18. Qd1 Bxh3 19. gxh3 Qxh3+ 20. Kg1 f5 21. Rf2 Bg3 22. Rg2 Rf6 23. Ng5 Qh4 24. Nf3 Qh3 25. Ng5 1/2-1/2

[Event "Uljanovsk Region-ch"]
[Site "Uljanovsk"]
[Date "2003.??.??"]
[Round "2"]
[White "Zaletov, Yuri"]
[Black "Gichurkin, Sergei"]
[Result "0-1"]
[WhiteElo "2106"]
[BlackElo "2202"]
[PlyCount "67"]
[EventDate "2003.??.??"]
[EventType "swiss"]
[EventRounds "9"]
[EventCountry "RUS"]
[SourceTitle "EXT 2005"]
[Source "ChessBase"]
[SourceDate "2004.11.15"]
[SourceVersion "1"]
[SourceVersionDate "2004.11.15"]
[SourceQuality "1"]

1. e4 e6 2. d4 d5 3. Nd2 c5 4. exd5 Qxd5 5. Ngf3 cxd4 6. Bc4 Qd6 7. 0-0 Nf6 8. Nb3 Nc6 9. Nbxd4 Nxd4 10. Nxd4 Bd7 11. c3 Qc7 12. Qe2 a6 13. Bg5 Qc5 14. Bxf6 gxf6 15. Bxe6 Bxe6 16. Nxe6 fxe6 17. Qxe6+ Be7 18. Rfe1 Rf8 19. Rad1 Qc7 20. Rd3 Rd8 21. Rxd8+ Qxd8 22. Qe4 Qd7 23. Qxh7 Kd8 24. Qh5 Kc8 25. Rd1 Qe6 26. g3 Rd8 27. Rxd8+ Bxd8 28. h4 Qe1+ 29. Kg2 Qe4+ 30. Kh2 f5 31. Qg6 Qf3 32. Kg1 Kb8 33. Qe8 Qd3 34. Kg2 0-1